Electricity applied to marine engineering (Record no. 4179)

000 -LEADER
fixed length control field 00426nam a22001577a 4500
008 - FIXED-LENGTH DATA ELEMENTS--GENERAL INFORMATION
fixed length control field 200724b ||||| |||| 00| 0 eng d
082 00 - DEWEY DECIMAL CLASSIFICATION NUMBER
Classification number 623.8503
Item number L4251
100 ## - MAIN ENTRY--PERSONAL NAME
9 (RLIN) 3106
Personal name Laws, W.
245 10 - TITLE STATEMENT
Title Electricity applied to marine engineering
250 ## - EDITION STATEMENT
Edition statement 3rd ed.
260 ## - PUBLICATION, DISTRIBUTION, ETC. (IMPRINT)
Place of publication, distribution, etc London
Name of publisher, distributor, etc Institute of Marine Engineers
Date of publication, distribution, etc 1952
300 ## - PHYSICAL DESCRIPTION
Extent 384 p.
365 ## - TRADE PRICE
Unit of pricing 10.05
650 #0 - SUBJECT ADDED ENTRY--TOPICAL TERM
Topical term or geographic name as entry element Electrical Engineering
942 ## - ADDED ENTRY ELEMENTS (KOHA)
Item type Books
Holdings
Withdrawn status Lost status Source of classification or shelving scheme Damaged status Not for loan Permanent location Current location Date acquired Source of acquisition Full call number Barcode Date last seen Koha item type
  Lost       IMU Kolkata IMU Kolkata 1953-02-25 A. H. Wheeler 623.8503 L4251 01554 2020-07-24 Books
  Lost       IMU Kolkata IMU Kolkata 1953-02-25 A. H. Wheeler 623.8503 L4251 01555 2020-07-24 Books
  Lost       IMU Kolkata IMU Kolkata 1953-02-25 A. H. Wheeler 623.8503 L4251 01556 2020-07-24 Books
  Lost       IMU Kolkata IMU Kolkata 1953-02-25 A. H. Wheeler 623.8503 L4251 01557 2020-07-24 Books
Designed and Maintained by IMU-KC Library, Kolkata Campus © Copyright All Rights Reserved

webs counters

Powered by Koha